MARC details
| 000 -LEADER |
| fixed length control field |
00841cam a22002777a 4500 |
| 001 - CONTROL NUMBER |
| control field |
001854 |
| 003 - CONTROL NUMBER IDENTIFIER |
| control field |
armpunfd |
| 005 - DATE AND TIME OF LATEST TRANSACTION |
| control field |
20140612090651.0 |
| 008 - FIXED-LENGTH DATA ELEMENTS--GENERAL INFORMATION |
| fixed length control field |
060228e0####xx#a##########000#0#und#d |
| 040 ## - CATALOGING SOURCE |
| Original cataloging agency |
armpunfd |
| Transcribing agency |
armpunfd |
| 080 ## - UNIVERSAL DECIMAL CLASSIFICATION NUMBER |
| Universal Decimal Classification number |
341.33 C 629 |
| 245 10 - TITLE STATEMENT |
| Title |
Los convenios de ginebra del 12 de agosto de 1949 |
| 260 ## - PUBLICATION, DISTRIBUTION, ETC. (IMPRINT) |
| Place of publication, distribution, etc |
Ginebra : Comite Internacional De La Cruz Roja |
| 650 #7 - SUBJECT ADDED ENTRY--TOPICAL TERM |
| Topical term or geographic name as entry element |
Barcos Hospitales |
| Source of heading or term |
LEMB |
| 650 #7 - SUBJECT ADDED ENTRY--TOPICAL TERM |
| Topical term or geographic name as entry element |
Convenio De Ginebra |
| Source of heading or term |
LEMB |
| 650 #7 - SUBJECT ADDED ENTRY--TOPICAL TERM |
| Topical term or geographic name as entry element |
Cruz Roja |
| Source of heading or term |
LEMB |
| 650 #7 - SUBJECT ADDED ENTRY--TOPICAL TERM |
| Topical term or geographic name as entry element |
Enfermos |
| Source of heading or term |
LEMB |
| 650 #7 - SUBJECT ADDED ENTRY--TOPICAL TERM |
| Topical term or geographic name as entry element |
Establecimientos Sanitarios |
| Source of heading or term |
LEMB |
| 650 #7 - SUBJECT ADDED ENTRY--TOPICAL TERM |
| Topical term or geographic name as entry element |
Heridos |
| Source of heading or term |
LEMB |
| 650 #7 - SUBJECT ADDED ENTRY--TOPICAL TERM |
| Topical term or geographic name as entry element |
Naufragos |
| Source of heading or term |
LEMB |
| 650 #7 - SUBJECT ADDED ENTRY--TOPICAL TERM |
| Topical term or geographic name as entry element |
Prisioneros De Guerra |
| Source of heading or term |
LEMB |
| 650 #7 - SUBJECT ADDED ENTRY--TOPICAL TERM |
| Topical term or geographic name as entry element |
Signos Distintivos |
| Source of heading or term |
LEMB |
| 650 #7 - SUBJECT ADDED ENTRY--TOPICAL TERM |
| Topical term or geographic name as entry element |
Transportes Sanitarios |
| Source of heading or term |
LEMB |
| 942 ## - ADDED ENTRY ELEMENTS (KOHA) |
| Koha item type |
LIBRO |
| Source of classification or shelving scheme |
|
| 945 ## - LOCAL PROCESSING INFORMATION (OCLC) |
| a |
Catalis |
| d |
2010-08-19 |